Am wenigsten fragile afrikanische Länder - Statistiken

Allgemein
  • Dieses Quiz wurde 34 mal gespielt
  • Das Durchschnittsergebnis liegt bei 15 aus 20
Antwortstatistiken
Globaler Rang Resultat Land % Korrekt
84 68.8 Marokko
100%
80 69.6 Südafrika
100%
92 67.2 Tunesien
91%
87 68.6 Algerien
88%
106 60.8 Ghana
81%
109 59.3 Namibia
81%
70 74.2 Senegal
81%
130 51 Seychellen
81%
68 74.6 Lesotho
78%
62 75.7 Tansania
78%
116 57.2 Kap Verde
75%
151 37.8 Mauritius
75%
124 53.6 Botswana
72%
58 77.6 Eswatini
69%
61 76.1 Gambia
66%
53 79.8 Madagaskar
66%
88 68.5 São Tomé und Príncipe
63%
79 70.2 Gabun
59%
74 72.5 Benin
47%
52 80.5 Malawi
38%
Keine übereinstimmenden Quizze gefunden
Verteilung der Resultate
Anzahl Personen mit jedem Resultat
Perzentil nach korrekt beantworteten Fragen
Ihre Resultats-Entwicklung
Sie haben dieses Quiz noch nicht gespielt